| 000 | 01963nam a2200205Ia 4500 | ||
|---|---|---|---|
| 001 | IA_The quality of the tomato (Lycopersicon esculentum Mill.) depends on diverse internal and external factors, which that are to say on the chemical composition and on the appearance. In this work there were established that the native populations of tomato present different characteristics of quality (internal and external) in relation with the commercial varieties. Likewise, the pattern of maturity of the native populations is different from that of commercial varieties and that the native populations are better accepted by the consumers. The fruits were evaluated in three states of maturity, deciding the variables of response; acidity titulable, total soluble solids, pH, vitamin C, firmness, color, concentration of CO2 and ethylene, days postharvest and acceptability. The design was completely at random with arrangement factorial and for the acceptability a design of blocks at random. Both the chemical composition and the external factors evolve as it advances the maturity of the fruit, diminishing the firmness and the life postharvest, and increasing the total soluble solids, pH, acidity, the production of CO2 and ethylene. The native populations present excellent characteristics of quality in such a way that they can compete with commercial varieties. | ||
| 002 | PATRONES DE MADURACION POSTCOSECHA EN POBLACIONES | ||
| 008 | 220117s xx 000 0 und d | ||
| 010 | _a185959 | ||
| 530 | _aDisponible en PDF | ||
| 650 |
_aFruit maturity _9156724 |
||
| 650 |
_aMaduración de las fruras _9160824 |
||
| 650 |
_aTomates _xTecnología postcosecha _9160825 |
||
| 650 |
_aTomatoes _xPostharvest technology _9160826 |
||
| 700 |
_aGarcía Osorio, Cecilia, asesor _9163763 |
||
| 700 |
_aMena Nevarez, Gustavo, asesor _9163764 |
||
| 700 | 1 |
_aValle Guadarrama, Salvador _9151202 |
|
| 942 | _cTESIS C65 2009 | ||
| 999 |
_c185959 _d185959 |
||